1424 1204 1556 1943 1328 1731 1190 1539 1938 1424 1864 1166 1280 1006 1743 1062 1507 1151 1532 1854 1252 1004 1749 1724 1713 1981 1681 1188 1789 1791 1590 1698 1120 1160 1944 1513 1597 1639 1060 1033 1511 1349 1161 1151 1733 1480 1796 1419 1026 1569 1593 1165 1599 1536 1167 1433 1584 1869 1320 1694 1963 1375 1351 1675 1374 1348 1325 1156 1319 1584 1262 1165 1800 1591 1054 1172 1458 1776 1342 1188 1695 1683 1050 1946 1532 1857 1546 1641 1055 1465 1516 1127 1185 1784 1355 1244 1509 1070 1767 BCNSPRNW ULIB Ver.6.0+V

เปลี่ยนเป็นภาษาไทย

Change to English
 แสดงรายละเอียดบรรณานุกรม
  กลับหน้าหลัก

Brief Record : Get Marc (ISO 2709) : E-mail record : QR code < ปิดหน้าต่าง
LEADER : 00000nam 2200000uu 4500
001    13399120223
003     ULIB
008    120917s2010||||th 000 0 tha d
020    ^a9781605472539
060 04 ^aQZ4^bB981P 2010
100 0  ^aBuss, Jaime Stockslaget
245 10 ^aPathophysiology an incrediably easy pochet guide/^cBuss, Jaime Stockslaget
250    ^a2nd
260    ^aPhiladelphia :^bLippincott Williams&Wilkins,^c2010
300    ^a408 p
650  7 ^aCardiovasular disorders
650  7 ^aPathology^xnurses instruction
945    ^p0^l0^i17768
945    ^p0^l0^i17769
995    ^aกัณชพร
999 ^a ใช้งานได้ทุกระบบ
รายการนี้ยังไม่มีแท็ก
คุณยังไม่ได้ล็อกอิน คุณสามารถมีกิจกรรมร่วมกับเว็บไซต์ได้ แต่ต้องล็อกอินก่อน ::
  ล็อกอิน

รายการสื่อสารสนเทศ

ลำดับที่ ประเภท เลขเรียก/บาร์โค้ด สถานที่ สถานะ
1. วิทยาศาสตร์การแพทย์ และสุขภาพ
วิทยาศาสตร์การแพทย์ และสุขภาพ
QZ4 B981P 2010  
  Barcode: 17768
ห้องสมุดวิทยาเขตสวรรค์ประชารักษ์
►หนังสือทั่วไป
บนชั้น
2. วิทยาศาสตร์การแพทย์ และสุขภาพ
วิทยาศาสตร์การแพทย์ และสุขภาพ
QZ4 B981P 2010 ฉ.2 
  Barcode: 17769
ห้องสมุดวิทยาเขตสวรรค์ประชารักษ์
►หนังสือทั่วไป
บนชั้น

รายการใกล้เคียง
    ผู้แต่ง [Buss, Jaime Stockslaget]

    หัวเรื่อง [Cardiovasular disorders]

BibComment


ยังไม่เคยถูกคอมเมนท์

คอมเมนท์ทรัพยากรรายการนี้
  คอมเมนท์: Pathophysiology ..


 Copyright 2026. Bcnsprnw @Library